[Event "Pristina Nderkombetar op"]
[Site "Pristina"]
[Date "2022.06.18"]
[Round "3"]
[White "Rama, Rame"]
[Black "Uruci, Endrit"]
[Result "0-1"]
[WhiteElo "2009"]
[BlackElo "2326"]
[PlyCount "96"]
[EventDate "2022.06.17"]
[EventType "swiss"]
[EventRounds "9"]
[EventCountry "KOS"]
[SourceTitle "CBM 209 Extra"]
[Source "ChessBase"]
[SourceDate "2022.09.30"]
[SourceVersion "1"]
[SourceVersionDate "2022.09.30"]
[SourceQuality "1"]

1. d4 Nf6 2. c4 e5 3. dxe5 Ng4 4. Nf3 Bc5 5. e3 Nc6 6. Be2 0-0 7. a3 a5 8. Qd5 Qe7 9. Nc3 Ngxe5 10. 0-0 d6 11. Qd1 Nxf3+ 12. Bxf3 Ne5 13. Be2 Be6 14. b3 f5 15. Bb2 f4 16. exf4 Rxf4 17. Nd5 Bxd5 18. Qxd5+ Kh8 19. b4 Bd4 20. Qxb7 Ra7 21. Qb8+ Rf8 22. Bxd4 Rxb8 23. Bxa7 Ra8 24. Be3 Qf6 25. b5 Re8 26. Rfd1 h6 27. h3 Nd7 28. Bd4 Qf7 29. Bf1 Re4 30. Rac1 Qe7 31. g3 Qg5 32. Rb1 a4 33. Bg2 Re2 34. Bc6 Nc5 35. Bd5 Nb3 36. b6 cxb6 37. Bxb6 Qf5 38. Kg2 Nd2 39. Rb2 Qd3 40. Kh1 Qc3 41. Rb5 Qc2 42. Rg1 Nxc4 43. Bxc4 Qxc4 44. Rb4 Qc3 45. Bd4 Qxa3 46. Rb8+ Kh7 47. Rgb1 Qd3 48. R1b4 Qf3+ 0-1

[Event "EU-ch 22nd"]
[Site "Terme Catez"]
[Date "2022.04.06"]
[Round "11"]
[White "Sivuk, Vitaly"]
[Black "Uruci, Endrit"]
[Result "1-0"]
[WhiteElo "2518"]
[BlackElo "2304"]
[PlyCount "81"]
[EventDate "2022.03.27"]
[EventType "swiss"]
[EventRounds "11"]
[EventCountry "SLO"]
[SourceTitle "CBM 208"]
[Source "ChessBase"]
[SourceDate "2022.06.30"]
[SourceVersion "1"]
[SourceVersionDate "2022.06.30"]
[SourceQuality "1"]

1. c4 e5 2. Nc3 Nf6 3. g3 Bb4 4. Bg2 0-0 5. Nf3 e4 6. Ng5 Bxc3 7. bxc3 Re8 8. f3 exf3 9. Nxf3 d6 10. 0-0 Qe7 11. e3 Nc6 12. Nd4 Bd7 13. d3 Rab8 14. Rb1 h6 15. Rb2 Bg4 16. Qc2 Qd7 17. Qb1 Nxd4 18. cxd4 Bh3 19. e4 Bxg2 20. Kxg2 c5 21. Bxh6 Ng4 22. Bf4 cxd4 23. Rb5 Re6 24. Qb2 a6 25. Rg5 Ne5 26. Qxd4 f6 27. Rf5 g6 28. Bxe5 gxf5 29. Bxf6 fxe4 30. Qd5 Qf7 31. Qg5+ Kf8 32. Bg7+ Ke8 33. Rxf7 Kxf7 34. Qf5+ Ke7 35. dxe4 Re8 36. e5 dxe5 37. Bxe5 Kd8 38. Bf4 Re2+ 39. Kf3 Rxh2 40. Qd5+ Ke7 41. Qxb7+ 1-0

[Event "EU-ch 22nd"]
[Site "Terme Catez"]
[Date "2022.04.01"]
[Round "6"]
[White "Giacomini, Hector"]
[Black "Uruci, Endrit"]
[Result "0-1"]
[WhiteElo "2129"]
[BlackElo "2304"]
[PlyCount "104"]
[EventDate "2022.03.27"]
[EventType "swiss"]
[EventRounds "11"]
[EventCountry "SLO"]
[SourceTitle "CBM 208"]
[Source "ChessBase"]
[SourceDate "2022.06.30"]
[SourceVersion "1"]
[SourceVersionDate "2022.06.30"]
[SourceQuality "1"]

1. Nf3 Nf6 2. e3 g6 3. d4 Bg7 4. c4 0-0 5. Be2 d6 6. Nc3 b6 7. 0-0 Bb7 8. Qc2 Nbd7 9. e4 e5 10. d5 Nh5 11. g3 Qe7 12. Be3 f5 13. exf5 Rxf5 14. Nh4 Rf7 15. Bxh5 gxh5 16. Ne4 h6 17. Qe2 Nf6 18. Nxf6+ Qxf6 19. Qxh5 b5 20. b3 c6 21. dxc6 Bxc6 22. cxb5 Bxb5 23. Rfd1 Bc6 24. Qg6 Qxg6 25. Nxg6 d5 26. Rac1 Bb7 27. Bc5 Kh7 28. Nh4 Rd8 29. g4 d4 30. h3 Bf6 31. Nf5 Bf3 32. b4 Bg5 33. Rb1 h5 34. Nd6 Rg7 35. Re1 hxg4 36. h4 Bf4 37. Nf5 Rf7 38. Nd6 Rfd7 39. Ne4 Kg6 40. Ng3 Bxg3 41. fxg3 e4 42. Rb2 e3 43. Bxd4 Rxd4 44. Rxe3 Rd1+ 45. Kf2 Rh1 46. Reb3 Re8 47. Re3 Rh2+ 48. Kg1 Rxb2 49. Rxe8 Rg2+ 50. Kf1 Rxg3 51. Re7 Rh3 52. Rxa7 g3 0-1

[Event "EU-ch 22nd"]
[Site "Terme Catez"]
[Date "2022.03.31"]
[Round "5"]
[White "Gorshtein, Ido"]
[Black "Uruci, Endrit"]
[Result "1-0"]
[WhiteElo "2445"]
[BlackElo "2304"]
[PlyCount "95"]
[EventDate "2022.03.27"]
[EventType "swiss"]
[EventRounds "11"]
[EventCountry "SLO"]
[SourceTitle "CBM 208"]
[Source "ChessBase"]
[SourceDate "2022.06.30"]
[SourceVersion "1"]
[SourceVersionDate "2022.06.30"]
[SourceQuality "1"]

1. Nf3 d5 2. c4 c6 3. d4 Nf6 4. Nc3 dxc4 5. a4 Bf5 6. e3 e6 7. Bxc4 Be7 8. 0-0 0-0 9. Re1 a5 10. e4 Bg4 11. Be3 Na6 12. Be2 Nb4 13. Ne5 Bxe2 14. Qxe2 Nd7 15. Nc4 Re8 16. Rac1 Bf8 17. Red1 Qh4 18. Qf3 Nf6 19. h3 h6 20. b3 Red8 21. Kh2 Ne8 22. Bf4 Bd6 23. Nxd6 Nxd6 24. Qg3 Qxg3+ 25. Bxg3 f6 26. f3 Kf7 27. Be1 Rac8 28. Nb1 b6 29. Na3 Na6 30. Nc4 Nxc4 31. bxc4 c5 32. d5 Nb4 33. Bc3 g6 34. Rd2 Ke7 35. Rcd1 Rd7 36. h4 f5 37. Re1 f4 38. Bg7 h5 39. Bh6 e5 40. g3 fxg3+ 41. Kxg3 Kd6 42. f4 Rf7 43. Rf1 Rcc7 44. Rf3 Rcd7 45. Rdf2 exf4+ 46. Bxf4+ Rxf4 47. Kxf4 Rf7+ 48. Ke3 1-0